| 000 | 04875 a2200709 4500 | ||
|---|---|---|---|
| 001 | 59273 | ||
| 005 | 20260407155846.0 | ||
| 008 | 260407a2022 arg spa d | ||
| 003 | AR-UNSa-BCEJYS | ||
| 040 |
_aAR-UNSa-BCEJYS _bspa _cAR-UNSa-BCEJYS |
||
| 080 |
_a336.2 _xIngresos públicos (Derecho tributario) |
||
| 245 | 1 | 0 | _aDerechos y garantías de los contribuyentes |
| 020 | _a978-987-03-4440-7 | ||
| 264 | 1 |
_aBuenos Aires : _bLa Ley _c2022 |
|
| 300 |
_a2 v. (lxi, 1064 ; xxiv, 1108 p.) _c24 cm. |
||
| 505 | _aVol. I: Capítulo I: Principios generales: 1. El principio de igualdad en la relación jurídica tributaria con especial referencia al proceso contencioso tributario nacional -2. Derechos y garantías de los contribuyentes – 3. Derechos y garantías del ciudadano-contribuyente – 4. El estatuto del contribuyente – 5. La Defensoría del Contribuyente. Utopía o realidad posible – 6. Derechos y garantías de los contribuyentes en el siglo XXI – Capitulo II: Tributario y seguridad social: 1. El Tribunal Fiscal de la Nación y los principios, derechos y garantías constitucionales – 2. Derechos y garantías de los contribuyentes ante tributos locales – 3. El acuerdo conclusivo voluntario – 4. Facultades de fiscalización de la AFIP – 5. Solve et repete y acceso a la justicia – 6. Derechos de los sujetos pasivos del procedimiento de determinación de oficio – 7. Los derechos de los contribuyentes en la era de la inteligencia artificial y del tax compliance by design – 8. Derechos y garantías de los contribuyentes ante el intercambio de información fiscal – 9. Derechos y garantías constitucionales del contribuyente en el marco de la ejecución fiscal – Vol. II: Capitulo II (continuación): 10. Las presunciones y ficciones desde la perspectiva de los derechos y garantías de los contribuyentes – 11. El principio acusatorio ante el procedimiento tributario sancionador – 12. Búsqueda y afirmación de los derechos y garantías en el campo de la tributación de seguridad social – 13. Derechos y garantías de los contribuyentes en la seguridad social – 14. Derechos y garantías de los contribuyentes en el ámbito de las operaciones internacionales – 15. Sanciones anómalas en el derecho tributario – 16. Derechos y garantías de los contribuyentes ante una intervención fiscal – 17. Facturas ¿apócrifas? Y el principio de legalidad – 18. Los derechos humanos en el proceso tributario nacional – 19. Estándar de garantías del contribuyente en el procedimiento y proceso tributario – 20. La digitalización de los procedimientos tributarios y los derechos de los contribuyentes – 21. Derechos y garantías de los contribuyentes frente a los impuestos locales – Capitulo III: Penal: 1. Derechos y garantías de los contribuyentes ante la Ley Penal Tributaria – 2. Garantías constitucionales aplicables al proceso penal tributario – 3. Asociación ilícita fiscal – 4. La Conciliación en los delitos relativos a los recursos de la seguridad social – 5. La prueba en el proceso tributario vinculado al incremento patrimonial no justificado en el Perú | ||
| 041 | _aspa | ||
| 942 | _cBK | ||
| 590 | _aniveau_biblio:m niveau_hierar:0 | ||
| 100 | 1 | _aBertazza, Humberto J. | |
| 700 | 1 | _aCalviño, Sofía Belén | |
| 700 | 1 | _aCantisano, Federico | |
| 700 | 1 | _aCelorio Vela, Jesús Agustín | |
| 700 | 1 | _aCornejo Costas, Emilio (h) | |
| 700 | 1 | _aCoronello, Silvina E. | |
| 700 | 1 | _aDamarco, Jorge Héctor | |
| 700 | 1 | _aDella Rocca, Horacio R. | |
| 700 | 1 | _aEgüez, Hermosinda | |
| 700 | 1 | _aFolco, Carlos Maria | |
| 700 | 1 | _aGarbarino, Pablo | |
| 700 | 1 | _aGarcia Sinagra, Claudio | |
| 700 | 1 | _aGarcía Vizcaíno, Catalina | |
| 700 | 1 | _aGoldman, Diego Hernán | |
| 700 | 1 | _aGorosito, Alberto M. | |
| 700 | 1 | _aGusman, Alfredo S. | |
| 700 | 1 | _aIriarte Yanicelli, Adolfo A. | |
| 700 | 1 | _aLiquin, Graciela | |
| 700 | 1 | _aLitvin, César R. | |
| 700 | 1 | _aManonellas, Graciela N. | |
| 700 | 1 | _aMarconi, Ana Clara | |
| 700 | 1 | _aMarconi, Norberto J. | |
| 700 | 1 | _aMastandrea, Alberto F. | |
| 700 | 1 | _aMecikovsky, Jaime L. | |
| 700 | 1 | _aNercellas, Marta | |
| 700 | 1 | _aPanetta, Luis Andrés | |
| 700 | 1 | _aParera, Marina I. | |
| 700 | 1 | _aPérez, Daniel Guillermo | |
| 700 | 1 | _aPonsetti, Edgardo | |
| 700 | 1 | _aPorporatto, Pablo A. | |
| 700 | 1 | _aSchurig, Harry | |
| 700 | 1 | _aSchwartzman, Daniel | |
| 700 | 1 | _aSimesen de Bielke, Sergio Armando | |
| 700 | 1 | _aSpisso, Rodolfo Roque | |
| 700 | 1 | _aTorassa, Marcos R. | |
| 700 | 1 | _aTozzini, Gabriela I. | |
| 700 | 1 | _aVega, Gerardo E. | |
| 700 | 1 | _aVega, Juan Manuel | |
| 700 | 1 | _aVega, María S. | |
| 700 | 1 | _aViola, José | |
| 700 | 1 | _aYacolca Estares, Daniel | |
| 856 | 4 | 1 |
_uhttps://www.biblioeco.unsa.edu.ar/pmb/images/libros/L129026.jpg _yImagen de portada _qimage/jpeg |
| 999 |
_c6630 _d6630 |
||